[Event "Kazakhstan Cup"]
[Site "Astana"]
[Date "2023.04.23"]
[Round "1"]
[White "Niemann, Hans Moke"]
[Black "Kertaev, Natan"]
[Result "1-0"]
[WhiteElo "2706"]
[BlackElo "1713"]
[PlyCount "101"]
[EventDate "2023.04.23"]
[EventType "swiss"]
[EventRounds "9"]
[EventCountry "KAZ"]
[SourceTitle "CBM 213 Extra"]
[Source "ChessBase"]
[SourceDate "2023.05.31"]
[SourceVersion "1"]
[SourceVersionDate "2023.05.31"]
[SourceQuality "1"]

1. d4 Nf6 2. c4 b6 3. Nc3 Bb7 4. f3 d5 5. cxd5 Nxd5 6. e4 Nxc3 7. bxc3 e5 8. Bc4 exd4 9. Ne2 d3 10. Bxd3 Bc5 11. Bb5+ Nc6 12. Qd5 Qd7 13. Nd4 Bxd4 14. cxd4 a6 15. Bxc6 Bxc6 16. Qe5+ Kf8 17. d5 Bb5 18. Bf4 Re8 19. Qd4 c5 20. Qd2 h6 21. h4 Kg8 22. Kf2 Kh7 23. Rab1 c4 24. Qd4 c3 25. Rbc1 Rc8 26. Rxc3 Rxc3 27. Qxc3 Rc8 28. Qd2 Rc4 29. Kg3 Qc8 30. a3 Qc5 31. Rd1 Rc2 32. Qe3 Qc4 33. Rd2 Rc3 34. Qd4 Qxd4 35. Rxd4 Rxa3 36. Bc7 Rd3 37. Bxb6 Rxd4 38. Bxd4 a5 39. Kf4 f6 40. e5 fxe5+ 41. Kxe5 Kg6 42. Kd6 Kf7 43. h5 g6 44. hxg6+ Kxg6 45. Ke7 Kf5 46. Be3 h5 47. d6 a4 48. Bc1 a3 49. Bxa3 Kf4 50. d7 Bxd7 51. Bd6+ 1-0

[Event "Pavlodar op"]
[Site "Pavlodar"]
[Date "2015.12.09"]
[Round "4"]
[White "Kadyr, Linar"]
[Black "Kertaev, Natan"]
[Result "0-1"]
[WhiteElo "1495"]
[BlackElo "1603"]
[PlyCount "50"]
[EventDate "2015.12.07"]
[EventType "swiss"]
[EventRounds "10"]
[EventCountry "KAZ"]
[SourceTitle "EXT 2017"]
[Source "ChessBase"]
[SourceDate "2016.10.25"]
[SourceVersion "1"]
[SourceVersionDate "2016.10.25"]
[SourceQuality "1"]

1. e4 e5 2. Nf3 Nc6 3. Bb5 a6 4. Ba4 Nf6 5. 0-0 b5 6. Bb3 d6 7. d3 Be7 8. Re1 0-0 9. h3 Na5 10. c3 c5 11. Bc2 Qc7 12. Bd2 Bb7 13. Qe2 Rac8 14. Na3 Qb6 15. b4 Nc6 16. Qe3 d5 17. exd5 Nxd5 18. Qe4 cxb4 19. Qxd5 bxa3 20. Nxe5 Nxe5 21. Qxe5 Bf6 22. Qf4 Bxc3 23. Bxc3 Rxc3 24. Qd2 Qc6 25. Bb3 Qxg2# 0-1

[Event "Pavlodar op"]
[Site "Pavlodar"]
[Date "2015.12.08"]
[Round "3"]
[White "Kertaev, Natan"]
[Black "Kozhamuratov, Marat"]
[Result "0-1"]
[WhiteElo "1603"]
[BlackElo "1797"]
[PlyCount "92"]
[EventDate "2015.12.07"]
[EventType "swiss"]
[EventRounds "10"]
[EventCountry "KAZ"]
[SourceTitle "EXT 2017"]
[Source "ChessBase"]
[SourceDate "2016.10.25"]
[SourceVersion "1"]
[SourceVersionDate "2016.10.25"]
[SourceQuality "1"]

1. d4 Nf6 2. c4 g6 3. Nc3 d5 4. cxd5 Nxd5 5. e4 Nxc3 6. bxc3 Bg7 7. Bc4 0-0 8. Ne2 c5 9. 0-0 cxd4 10. cxd4 Nc6 11. Be3 Na5 12. Bb5 a6 13. Ba4 Nc4 14. Bb3 Nxe3 15. fxe3 Bh6 16. Rf3 Bg4 17. Rg3 Qd7 18. h3 Bh5 19. Qd2 Bxe2 20. Qxe2 Qc7 21. Qf3 e6 22. h4 b5 23. h5 a5 24. hxg6 hxg6 25. Rh3 Kg7 26. Rf1 Qe7 27. e5 Bg5 28. Qg4 a4 29. Bd1 Rh8 30. Rg3 Bh4 31. Rgf3 Raf8 32. Be2 b4 33. Bd1 b3 34. axb3 a3 35. Be2 Bg5 36. Bc4 Rh4 37. Qg3 Rh5 38. Qg4 Rh4 39. Qg3 a2 40. b4 Rfh8 41. Rxf7+ Qxf7 42. Rxf7+ Kxf7 43. Qf3+ Kg7 44. Bxa2 Rh1+ 45. Kf2 Rf8 46. Qxf8+ Kxf8 0-1

[Event "Pavlodar op"]
[Site "Pavlodar"]
[Date "2014.12.02"]
[Round "2"]
[White "Mansurov, Sergei"]
[Black "Kertaev, Natan"]
[Result "1-0"]
[WhiteElo "1919"]
[BlackElo "1608"]
[PlyCount "36"]
[EventDate "2014.12.01"]
[EventType "swiss"]
[EventRounds "9"]
[EventCountry "KAZ"]
[SourceTitle "EXT 2016"]
[Source "ChessBase"]
[SourceDate "2015.10.08"]
[SourceVersion "1"]
[SourceVersionDate "2015.10.08"]
[SourceQuality "1"]

1. d4 d5 2. Nf3 Nf6 3. g3 Bf5 4. Bg2 Nbd7 5. 0-0 e6 6. c4 Be7 7. Nh4 Bg6 8. Nc3 c6 9. cxd5 Nxd5 10. Nxg6 fxg6 11. e4 Nxc3 12. bxc3 0-0 13. Qb3 Nb6 14. Qxe6+ Kh8 15. Be3 Rc8 16. a4 c5 17. e5 cxd4 18. cxd4 Rc7 1-0